000 00219 a2200109 4500
020 _a8426350119
041 _aspa
100 _aEdelvives, Editorial
245 _aUn Pequeǫ Que?
942 _cBK
952 _71
_xInfantil
999 _c25828
_d25828